00888nam a22002055i 4500001000700000003000900007005001700016008004100033040002000074100003500094245007700129250001200206260007200218300002600290596002800316650004000344852013600384999001900520952014300539159627ES-MaACL20230906211705.0040914s1887 sp |||| | spa d aCAM bspa cCAM1 aMier y Miura, Eduardo.912990510aTeoría de las aproximaciones numéricas / cpor Eduardo Mier y Miura. a2ª ed. aMadrid : b[s.n.], c[s.a.] (fImprenta del Memorial de Ingenieros) a51, [1] p. ; c25 cm. aEn prelim. consta 1887. 4aNúmeros, Teoría de los.9138233 aES-MaACLjT-893-F-9 z-- Enc. hol., conservando la cub. original z-- Sello del Ministerio de Fomento z-- Enc. en un vol. facticio c159627d159627 001040708Colección_de_folletosaATENEOMbATENEOMcDEPOFd2008-01-17l0oT-893-F-9p1167112r2023-02-23 00:00:00w2023-02-23yFOLLETOS